书目信息 |
| 题名: |
心理学史
|
|
| 作者: | 叶浩生 主编 | |
| 分册: | ||
| 出版信息: | 上海 华东师范大学出版社 2009.05 |
|
| 页数: | 407页 | |
| 开本: | 26cm | |
| 丛书名: | ||
| 单 册: | ||
| 中图分类: | B84-091 | |
| 科图分类: | ||
| 主题词: | 心理学史--xin li xue shi--世界--高等学校--教材 | |
| 电子资源: | ||
| ISBN: | 978-7-5617-7039-9 | |
| 000 | 00917nam0 2200253 450 | |
| 001 | 012010831664 | |
| 005 | 20100601144353.95 | |
| 010 | @a978-7-5617-7039-9@dCNY42.00 | |
| 100 | @a20100601d2009 em y0chiy0120 ea | |
| 101 | 0 | @achi |
| 102 | @aCN@b310000 | |
| 105 | @aac z 000yy | |
| 106 | @ar | |
| 200 | 1 | @a心理学史@Axin li xue shi@f叶浩生主编@Fzhu bian ye hao sheng |
| 210 | @a上海@c华东师范大学出版社@d2009.05 | |
| 215 | @a407页@c图, 肖像@d26cm | |
| 300 | @a中国心理学会理论学与心理学史专业委员会推荐 | |
| 300 | @a大师高校教材 | |
| 330 | @a本书借鉴西方心理学“新史”的编写原则,注重心理学的学科发展与现实的社会心理变迁之间的联系,将心理学史纳入社会发展史的整体范畴,突出心理学与社会生活之间的紧密联系。 | |
| 606 | 0 | @a心理学史@Axin li xue shi@y世界@x高等学校@j教材 |
| 690 | @aB84-091@v4 | |
| 701 | 0 | @a叶浩生@Aye hao sheng@4主编 |
| 801 | 0 | @aCN@bQSSK@c20100601 |
| 905 | @b780541-43@dB84-091@eY432@f3 | |
| 心理学史/叶浩生主编.-上海:华东师范大学出版社,2009.05 |
| 407页:图, 肖像;26cm |
| 中国心理学会理论学与心理学史专业委员会推荐.-大师高校教材 |
| ISBN 978-7-5617-7039-9:CNY42.00 |
| 本书借鉴西方心理学“新史”的编写原则,注重心理学的学科发展与现实的社会心理变迁之间的联系,将心理学史纳入社会发展史的整体范畴,突出心理学与社会生活之间的紧密联系。 |
| ● |
| 相关链接 |
|
|
|
正题名:心理学史
索取号:B84-091/Y432
 
预约/预借
| 序号 | 登录号 | 条形码 | 馆藏地/架位号 | 状态 | 备注 |
| 1 | 780541 | 207805419 | 社科库509/509社科库 35排1列2层/ [索取号:B84-091/Y432] | 在馆 | |
| 2 | 780542 | 207805428 | 社科库509/509社科库 35排1列2层/ [索取号:B84-091/Y432] | 在馆 | |
| 3 | 780543 | 207805437 | 社科库509/509社科库 35排1列2层/ [索取号:B84-091/Y432] | 在馆 |